Fr. Conceicao Rodrigues College of Engineering

Resurrection (Record no. 24529)

MARC details
000 -LEADER
fixed length control field 00261nam a2200133Ia 4500
082 ## - DEWEY DECIMAL CLASSIFICATION NUMBER
Classification number 891
100 ## - MAIN ENTRY--PERSONAL NAME
Personal name Tostoi/Lev
245 ## - TITLE STATEMENT
Title Resurrection
260 ## - PUBLICATION, DISTRIBUTION, ETC.
Name of publisher, distributor, etc. Progress Publishers
Date of publication, distribution, etc. 1953
300 ## - PHYSICAL DESCRIPTION
Extent 585
546 ## - LANGUAGE NOTE
Language note ENGLISH
650 ## - SUBJECT ADDED ENTRY--TOPICAL TERM
Topical term or geographic name entry element General
942 ## - ADDED ENTRY ELEMENTS (KOHA)
Koha item type BOOK
Holdings
Withdrawn status Lost status Damaged status Not for loan Collection Home library Current library Date acquired Cost, normal purchase price Total Checkouts Full call number Barcode Date last seen Cost, replacement price Price effective from Koha item type
        AFT Fr. Agnel's C.Rodrigues College of Engineering Fr. Agnel's C.Rodrigues College of Engineering 17/03/2023 6.00   891 AFT1118 17/03/2023 6.00 17/03/2023 BOOK